| 000 | 00788nab a22002057a 4500 | ||
|---|---|---|---|
| 001 | 572 | ||
| 005 | 20251201093157.0 | ||
| 006 | a|||||r|||| 00| 0 | ||
| 007 | c| aa aaaaa | ||
| 008 | 251201b |||||||| |||| 00| 0 eng d | ||
| 040 |
_aAR-EsCIE _cAR-EsCIE |
||
| 100 | 1 |
_aParada, Romina B. _91129 |
|
| 245 | 1 | _aActividad hemolítica en hongos comestibles, tóxicos y de comestibilidad controvertida | |
| 700 | 1 |
_aPildain, María Belén, _d1972- _922 |
|
| 700 | 1 |
_aBarroetaveña, Carolina, _d1971- _921 |
|
| 773 |
_gp. 364-365 _tIV Reunión argentina de Micología IX Congreso latinoamericano de micotoxicología : 21-24 de octubre de 2025, San Carlos de Bariloche) |
||
| 856 | _uhttp://www.ciefap.org.ar/digitalizado/Parada_364_365_congreso.pdf | ||
| 910 | _aPG251201 | ||
| 942 |
_2ddc _cCF _n0 |
||
| 999 |
_c572 _d572 |
||